Statistiques concernant Paroles - Mais je t'aime - Grand Corps Malade

Cliquez ici pour prendre le quiz!

Statistiques générales

  • Ce quiz a été pris 307 fois
  • Le résultat moyen est 356 sur 436

Statistiques - réponses

Paroles% Correct
je
100%
Je
100%
je (tu)
100%
Je (Tu)
100%
ta
100%
t'aime,
100%
t'aime
100%
t'aime, (m'aimes,)
100%
ce
98%
me
98%
de
97%
moi
97%
moi,
97%
Que
97%
que
97%
tu
97%
Tu
97%
à
96%
a
96%
la
96%
là-
96%
ne
96%
Ne
96%
pas
96%
Mais
95%
Mais,
95%
sais
95%
le
94%
qui
94%
si
94%
Si
94%
bien,
93%
et
93%
les
93%
ça
92%
Ca
92%
fort,
92%
fort
92%
mon
92%
mon (ton)
92%
te
92%
tourne
91%
en
90%
En
90%
fais
90%
mieux
90%
peux
90%
plus
90%
rond
90%
Chez
89%
du
89%
laisse
86%
sont
86%
ces
85%
Ces
85%
on
85%
On
85%
raconte
85%
suis
85%
tout
84%
tout,
84%
y
84%
alors
83%
Alors
83%
c'est
83%
C'est
83%
il
83%
Il
83%
j'ai
82%
d'histoires
81%
donne
80%
profondes
80%
Des
79%
des
79%
dit :
79%
feu
79%
feu.
79%
feu,
79%
m'en
79%
quitter
79%
toi
79%
toi,
79%
trop
79%
un
79%
pour
78%
sûre
78%
au
77%
coûte,
77%
demande
77%
doutes,
77%
Mes
77%
mes
77%
voir
77%
voir,
77%
ai
76%
l'amour
76%
haut,
75%
se
75%
grand
74%
tes
74%
dans
73%
fêlures
73%
t'accroche
73%
vas
73%
brûle
72%
essaie
71%
yeux.
71%
faute
70%
rien,
70%
rien
70%
m'avait
68%
mots
68%
vois
68%
blessures
67%
nous
67%
Nous
67%
pique
67%
avec
66%
cette
66%
bras
65%
J'y
65%
passer
65%
d'autres
64%
faire
64%
illumine,
64%
nos
64%
firmament.
63%
jours
63%
mal
63%
tous
63%
j'en
62%
vie
62%
danse,
61%
tant
61%
blessent,
60%
crépite,
60%
or
60%
oublié
60%
donnes
59%
durs
59%
est
59%
aimé
58%
d'amour,
58%
attentes,
57%
débuts
57%
d'hier
57%
encore
57%
j'avance,
57%
réchauffe,
56%
final,
55%
qu'au
55%
l'allumette
54%
pèsent
54%
tort
54%
"Attends
53%
craqué
53%
l'étincelle
53%
monde
53%
s'est
53%
rend
52%
deux,
51%
force
50%
lucioles
50%
notre
50%
pense
50%
brille,
49%
abus
48%
centaines
48%
différemment"
48%
envoie
48%
excès,
48%
ont
48%
flammes
47%
tellement
47%
dévore
46%
Pourquoi
46%
pourquoi
46%
bancal
45%
fous,
45%
soucieux,
44%
alimenté
43%
consume
43%
d'amertume
43%
facile
43%
fragiles ?
43%
passion
43%
rendus
43%
vulnérables
43%
éclaire
42%
foyer
42%
seuls
42%
transpire
42%
périlleux,
41%
bulle
40%
vacille,
40%
vrai
40%
depuis
38%
perfore
38%
jaunes
37%
près
37%
bleues,
36%
danser
36%
m'approche
36%
lorsque
35%
pesant,
34%
d'un
30%
coup
29%
Evidemment
28%
s'allume
27%

Distribution des résultats

Percentile par nombre de réponses

% des personnes avec chaque résultat

Votre développement - résultats

Vous n’avez pas pris ce quiz